The electrochemistry of novel materials

Guardat en:
Dades bibliogràfiques
Autors principals: Lipkowski, Jacek (autor), Ross, Philip N (Autor)
Format: Llibre
Idioma:anglès
Publicat: Nueva York VCH 1994
Col·lecció:Frontiers of electrochemistry
Matèries:
Etiquetes: Afegir etiqueta
Sense etiquetes, Sigues el primer a etiquetar aquest registre!

MARC

LEADER 00000nam a2200000 a 4500
001 UCY8373
003 CL-VaPUC
008 950703e19940000US |||||||||||||||||eng|d
082 0 4 |a 660.297  |b LIP  |2 21 
100 |a Lipkowski, Jacek  |e autor  |9 467745 
700 0 |a Ross, Philip N  |e author  |9 339661 
245 1 4 |a The electrochemistry of novel materials 
300 |a 387 p 
942 |c BK 
945 |d 19950703 00:00:00  |a awong 
260 |a Nueva York  |b VCH  |c 1994 
650 7 |a BATERIAS ELECTRICAS  |2 CL-VaPUC  |9 339662 
650 7 |a ELECTRODOS  |2 CL-VaPUC  |9 306983 
650 0 |a Electroquímica  |9 263973 
583 |a last modification  |c 19950703 00:00:00  |k Rodrigo Vera 
490 0 |a Frontiers of electrochemistry 
999 |c 235635  |d 235633 
952 |0 0  |1 0  |4 0  |6 660_297000000000000_LIP_1994  |7 0  |8 A  |9 243181  |a BIBCUR  |b BIBCUR  |d 2019-11-18  |i 3093808  |o 660.297 LIP 1994  |p 3093808  |r 2025-04-22  |w 2019-11-18  |y BK  |k QUI